Movie Posters VII Quiz Stats

 Plays Quiz Updated Jun 22, 2017

Support Sporcle.
Go Orange.
Score 0/24 Timer 06:00
7 Plays Today
% Correct
Black Swan
94%
E.T.
93.2%
The Mask
91.9%
The Karate Kid
83.9%
Knocked Up
75.5%
American Beauty
73.9%
Rango
73.3%
The Sixth Sense
73.2%
Terminator 2: Judgement Day
71.9%
The Goonies
69.7%
127 Hours
64%
The Blair Witch Project
62.5%
% Correct
The Other Guys
62.4%
Donnie Darko
55.6%
Lost In Translation
55.2%
The Hunt for Red October
50.8%
The King's Speech
48.4%
Lawrence of Arabia
47.5%
Major League
39.3%
Reservoir Dogs
38.1%
Crazy Heart
24.3%
Say Anything...
22.6%
Army of Darkness
18.5%
The Secret of NIMH
13.7%

You're not logged in!

Compare scores with friends on all Sporcle quizzes.
OR
Log In
Forgot?

From the Vault

Asian 'L' Countries

by Ubbiebubbie

You might be looking for 'L' in all the wrong places.
Remove Ads.
Support Sporcle.
Get the best of Sporcle when you Go Orange. This ad-free experience offers more features, more stats, and more fun while also helping to support Sporcle. Thank you for becoming a member.

Show Comments

Extras

Top Quizzes Today


Score Distribution

Your Account Isn't Verified!

In order to create a playlist on Sporcle, you need to verify the email address you used during registration. Go to your Sporcle Settings to finish the process.

Report this User

Report this user for behavior that violates our Community Guidelines.

Details: